Statistics for IFHY - Tyler, the Creator Lyrics Pt. 1

Click here to take the quiz!

General Stats

  • This quiz has been taken 282 times
  • The average score is 228 of 328

Answer Stats

Lyrics% Correct
I
100%
You
96%
you
96%
a
94%
love
94%
f***
92%
hate
91%
But
90%
f******
88%
My
87%
my
87%
in
86%
go
85%
emo
82%
that
82%
that;
82%
The
82%
the
82%
who
81%
emotions
80%
at
78%
bad
78%
good
78%
I'm
78%
keeping
78%
never
77%
so
77%
thought
77%
your
77%
we
76%
Can
75%
can
75%
perfect
75%
being
74%
get
74%
me
72%
an
71%
bubbled
71%
is
71%
like,
71%
like
71%
with
71%
You're
71%
you're
71%
about?
70%
about
70%
could
70%
to
70%
when
70%
When
70%
and
69%
Feelings
69%
some
69%
And
68%
troubled,
68%
would've
68%
air
67%
Then
67%
time
67%
time,
67%
don't
66%
even
66%
out
66%
out?
66%
this
66%
This
66%
this,
66%
For
65%
for
65%
of
65%
thrown
65%
up
65%
b****,
64%
b****
64%
that's
64%
That's
64%
We're
64%
caught
63%
consider
63%
day
63%
dog
62%
let
62%
else
61%
if
61%
I'll
61%
leaving
61%
stop
61%
think
61%
back
60%
find
60%
new
60%
What
60%
dogs
59%
or
59%
saddest
59%
say
59%
somebody
59%
write
59%
Yeah,
59%
yeah
59%
accidentally
58%
Actually,
58%
can't
58%
Cause
58%
Girl,
58%
just
58%
make
58%
Make
58%
s***
58%
smoking
58%
something
58%
without
58%
all
57%
fourteen
57%
fourty
57%
happiest
57%
hear
57%
picking
57%
Ten
57%
yellow
57%
four
56%
house
56%
more,
56%
more
56%
noise
56%
not
56%
rhyme
56%
color,
55%
considered
55%
Crazy
55%
hundred
55%
mad
55%
minutes
55%
raddest
55%
times
55%
couple
54%
facts
54%
gloves,
54%
got
54%
happen
54%
makes
54%
see
54%
song,
54%
thoughts
54%
breathing
53%
cheesing
53%
isn't
53%
lost
53%
Lost
53%
practice?
53%
turned
53%
boxing
52%
brushing
52%
dude
52%
add
51%
Look
51%
whenever
51%
attitude
50%
example,
50%
forty
50%
hectic
50%
lose
50%
name
50%
past
50%
perfectly
50%
seeing
50%
fought
49%
dark
47%
goddamn
47%
need
47%
screws
47%
pop
46%
proceed
45%
Alice
44%
meaning
44%
meet
44%
sure
44%
again
43%
due
43%
Let's
43%
match,
43%
vegans
42%
you'll
41%
um,
40%
atlas
36%
left
36%
land
35%
wrong
35%
getting
34%
stalking
34%
cellular
32%
convos
32%
wonderer
25%
evenings
18%

Score Distribution

Percentile by Number Answered

Percent of People with Each Score

Your Score History

You have not taken this quiz